Vplyv teploty na zloženie lipidov kvasinky Yarrowia lipolytica bakalárska práca

Salvato in:
Dettagli Bibliografici
Autore principale: Hambalko, Jaroslav
Natura: Libro
Lingua:slovacco
Pubblicazione: Bratislava STU FCHPT 2016
Accesso online:Visualizza in OPAC
Tags: Aggiungi Tag
Nessun Tag, puoi essere il primo ad aggiungerne!!

MARC

LEADER 00000nam a2200000 a 4500
005 20260127134309.0
008 160818 2016 000 0 slo d
035 |a vtls011574009 
039 9 |y 201608181120  |z mschk03 
040 |a STUSCHK1  |b slo  |c STUSCHK1  |e AACR2 
100 1 |a Hambalko, Jaroslav 
245 1 |a Vplyv teploty na zloženie lipidov kvasinky Yarrowia lipolytica  |b bakalárska práca  |c Jaroslav Hambalko 
260 |a Bratislava  |b STU FCHPT  |c 2016 
300 |a 59 s.  |b il.  |c 25 cm 
500 |a Študijný program: biotechnológia a potravinárska technológia 
500 |a Študijný odbor: biotechnológie 
500 |a Školiace pracovisko: Ústav biotechnológie 
500 |a Evid. číslo: FCHPT-13567-60689 
910 |a SCHK95 
999 |c 9082  |d 9082